Rizika ohrožující prosperitu podniku lze eliminovat

Základné poistenie prevádzky (pre živnostníkov) a straty vzniknuté následkom škody. Poisťovne pôsobiace na českom trhu. Poistenie, prerušenie alebo obmedzenie prevádzky("POPP"), dopĺňa súhrnné majetkové poistenie. Spôsobená a vecná škoda. Zodpovednosť za škody. Finančné riziká a nástroje pre znižova...

Descrizione completa

Salvato in:
Dettagli Bibliografici
Autore principale: Páleník, Vladislav
Altri autori: Khachatryan, Gayane
Natura: Capitolo di libro
Lingua:ceco
Soggetti:
Tags: Aggiungi Tag
Nessun Tag, puoi essere il primo ad aggiungerne!!

MARC

LEADER 00000naa$a2200000$$$4500
001 0112514
005 20231010082346.8
041 0 |a cze 
044 |a CZ 
245 1 0 |a Rizika ohrožující prosperitu podniku lze eliminovat  |c Vladislav Páleník, Gayane Khachatryan 
520 |a Základné poistenie prevádzky (pre živnostníkov) a straty vzniknuté následkom škody. Poisťovne pôsobiace na českom trhu. Poistenie, prerušenie alebo obmedzenie prevádzky("POPP"), dopĺňa súhrnné majetkové poistenie. Spôsobená a vecná škoda. Zodpovednosť za škody. Finančné riziká a nástroje pre znižovanie rizík. 
610 2 0 |a Česko 
610 2 0 |a poisťovne 
610 2 0 |a druhy poistenia 
610 2 0 |a poistenie prerušenia prevádzky 
610 2 0 |a poistenie majetku 
610 2 0 |a zodpovednosť za škody 
610 2 0 |a zmluvy poistné 
610 2 0 |a riziko poistné 
610 2 0 |a živnostníci 
100 1 |a Páleník, Vladislav 
700 1 |a Khachatryan, Gayane